000 00578nab a2200193 a 4500
005 20210219162000.0
008 991125s1985 mx 000 0 spa u
035 _aUPN01000195574
100 1 _aLacarrieu, Mónica Beatriz
222 _aALTERIDADES
245 _a"A Madona... yo le hago un monumento". Los múltiples y diversos usos de la historia en la ciudad de México
260 _aMéxico
300 _a43-59
362 0 _a1998 Año 8, no. 16, jul.-dic.
653 0 _aPATRIMONIO CULTURAL
653 0 _aHISTORIA
653 0 _aCIUDAD DE MEXICO
905 _aArticulo
999 _c167675
_d167675